|
|
|
|
| LEADER |
01166cam a2200265 a 4500 |
| 001 |
14653859 |
| 003 |
GR-PaULI |
| 005 |
20250131084501.0 |
| 008 |
061201s2007 caua f 001 0 gre d |
| 020 |
|
|
|a 0534491324 (χαρτόδετο)
|
| 040 |
|
|
|a DLC
|c DLC
|b gre
|d DLC
|d GR-AiPI
|e AACR2
|
| 082 |
0 |
4 |
|a 005.133
|2 23
|
| 100 |
1 |
|
|a Forouzan, Behrouz A.
|e συγγραφέας
|9 19103
|
| 245 |
1 |
0 |
|a Computer science :
|b a structured programming approach using C /
|c Behrouz A. Forouzan, Richard F. Gilberg.
|
| 250 |
|
|
|a 3rd ed.
|
| 260 |
|
|
|a Boston, Mass. :
|b Thomson Course Technology,
|c c2007.
|
| 300 |
|
|
|a xxvii,, 1156 σ. :
|b σχήμ.. ;
|c 24 εκ.
|
| 500 |
|
|
|a Περιλαμβάνει ευρετήριο.
|
| 650 |
|
4 |
|a C (Γλώσσα προγραμματισμού)
|9 34815
|
| 650 |
|
4 |
|a Δομημένος προγραμματισμός
|9 165909
|
| 700 |
1 |
|
|a Gilberg, Richard F.
|e συγγραφέας
|9 165912
|
| 942 |
|
|
|2 ddc
|c BK15
|
| 952 |
|
|
|0 0
|1 0
|2 ddc
|4 0
|6 005_133000000000000_FOR
|7 0
|9 217821
|a LISA
|b LISA
|c BSC
|d 2017-12-05
|i 13633
|l 0
|o 005.133 FOR
|p 026000279075
|r 2017-12-05 00:00:00
|t 1
|w 2017-12-05
|y BK15
|
| 998 |
|
|
|c ΜΙΧΟΣΤΑΥΡΟΥ
|d 2017-12
|
| 999 |
|
|
|c 131991
|d 131991
|